Statistics for Mark Wahlberg Movies

Click here to take the quiz!

General Stats

  • This quiz has been taken 16 times
  • The average score is 14 of 52

Answer Stats

YearCast MembersAnswer% Correct
2015Will Ferrell, Linda CardelliniDaddy's Home
80%
2006Leonardo DiCaprio, Matt Damon, Jack NicholsonThe Departed
80%
2012Mila Kunis, Seth MacFarlaneTed
73%
2017Will Ferrell, John CenaDaddy's Home 2
67%
2015Seth MacFarlane, Amanda SeyfriedTed 2
60%
2010Will Ferrell, Eva MendesThe Other Guys
60%
2007Michael Pena, Danny GloverShooter
53%
2010Christian Bale, Amy AdamsThe Fighter
53%
2005Tyrese Gibson, Andre BenjaminFour Brothers
47%
1997Julianne Moore, John C. ReillyBoogie Nights
40%
2010Steve Carell, Tina FeyDate Night
40%
2022Tom Holland, Sophia Taylor AliUncharted
40%
2013Denzel Washington, Paula Patton2 Guns
33%
1996Reese Witherspoon, William PetersonFear
33%
2013Dwayne Johnson, Anthony MackiePain & Gain
33%
2016Kevin Bacon, John GoodmanPatriots Day
33%
2001Tim Roth, Helena Bonham CarterPlanet of the Apes
33%
1995Leonardo DiCaprio, Bruno KirbyThe Basketball Diaries
33%
2003Charlize Theron, Edward NortonThe Italian Job
33%
2000George Clooney, Diane LaneThe Perfect Storm
33%
2017Anthony Hopkins, Stanley TucciTransformers
33%
2014Jack Reynor, Nicola PeltzTransformers
33%
2017Christopher Plummer, Michelle WilliamsAll the Money in the World
27%
2016Kurt Russell, John MalkovichDeepwater Horizon
27%
2018Rose Byrne, Isabela MonerInstant Family
27%
2013Taylor Kitsch, Emile HirschLone Survivor
27%
2008Zooey Deschanel, John LeguizamoThe Happening
27%
2007Joaquin Phoenix, Eva MendesWe Own the Night
27%
2012Kate Beckinsale, Ben FosterContraband
20%
2008Mila Kunis, Beau BridgesMax Payne
20%
2014John Goodman, Brie LarsonThe Gambler
20%
2009Rachel Weisz, Susan SarandonThe Lovely Bones
20%
2013Russell Crowe, Catherine Zeta-JonesBroken City
13%
2021Chiwetel Ejiofor, Sophie CooksonInfinite
13%
2006Greg Kinnear, Elizabeth BanksInvincible
13%
2001Jennifer Aniston, Jason FlemyngRock Star
13%
2020Frank Welker, Will ForteScoob!
13%
2020Winston Duke, Alan ArkinSpenser Confidential
13%
1999George Clooney, Ice CubeThree Kings
13%
2015Kevin Connolly, Adrian GrenierEntourage
7%
2004Dustin Hoffman, Isabelle HuppertI Heart Huckabees
7%
2020Reid Miller, John MurrayJoe Bell
7%
2004Mos Def, Gil GarcettiJuvies
7%
2018John Malkovich, Lauren CohanMile 22
7%
2015Garrett Hedlund, Oscar IsaacMojave
7%
2003John Goodman, Willem DafoeOvernight
7%
1994Danny DeVito, Gregory HinesRenaissance Man
7%
1998Lou Diamond Phillips, Christina ApplegateThe Big Hit
7%
1999Chow Yun-fat, Ric YoungThe Corruptor
7%
2002Thandie Newton, Tim RobbinsThe Truth About Charlie
7%
2000Joaquin Phoenix, Charlize TheronThe Yards
7%
1997Bill Paxton, Julianna MarquilesTraveller
7%

Score Distribution

Percentile by Number Answered

Percent of People with Each Score

Your Score History

You have not taken this quiz